Loading...
| Science - Chemistry | 0 | 3 | 0 | 1 | 30 | 125 | 134.33 | 0 | 1 |
| Science - Physics | 0 | 3 | 0 | 3 | 30 | 128 | 129.33 | 0 | 0 |
| History - American | 0 | 2 | 0 | 0 | 20 | 76 | 99.00 | 0 | 0 |
| Art - Music/Opera | 0 | 2 | 0 | 0 | 20 | 84 | 110.00 | 0 | 1 |
| Current Events/Modern World - United States social | 0 | 1 | 0 | 0 | 10 | 146 | 146.00 | 0 | 0 |
| History - Other | 0 | 1 | 0 | 1 | 10 | 145 | 145.00 | 0 | 0 |
| Religion - Hinduism | 0 | 1 | 1 | 0 | 5 | 118 | 118.00 | 0 | 0 |
| Science - Engineering | 0 | 0 | 1 | 0 | -5 | 0.00 | 0 | 0 | |
| Science - Other | 0 | 0 | 1 | 0 | -5 | 0.00 | 0 | 0 | |
| Geography - Asia | 0 | 0 | 1 | 0 | -5 | 0.00 | 0 | 0 | |
| Social Science - Sociology | 0 | 0 | 1 | 0 | -5 | 0.00 | 0 | 0 |